[Event "Landesklasse West 2015/2016"]
[Site "?"]
[Date "2015.11.08"]
[Round "3"]
[White "Minor, Viatcheslav"]
[Black "Klaus, Christian"]
[Result "1/2-1/2"]
[WhiteElo "1970"]
[BlackElo "2032"]
[PlyCount "92"]
[EventDate "2015.??.??"]
[WhiteTeam "SV Wartburgstadt Eisenach"]
[BlackTeam "SV Breitenworbis"]

1. e4 g6 2. d4 Bg7 3. Nc3 d6 4. Be3 a6 5. f4 e6 6. Nf3 Ne7 7. Bd3 Nd7 8. e5 Nb6
9. Ne4 Nbd5 10. Bd2 b5 11. Qe2 O-O 12. O-O-O Nc6 13. c3 b4 14. c4 Nb6 15. Be3
d5 16. Ned2 dxc4 17. Nxc4 Nxc4 18. Bxc4 Ne7 19. Kb1 Bb7 20. h4 Nf5 21. Bf2 Ne7
22. h5 Nd5 23. g3 Nb6 24. Bb3 a5 25. hxg6 hxg6 26. Be3 a4 27. Bc2 Nc4 28. Bd3
Nxe3 29. Qxe3 Qd5 30. Rhf1 Rad8 31. g4 Bh6 32. Qd2 c5 33. Qh2 Bg7 34. Ng5 Rfe8
35. Ne4 Qxd4 36. Bc2 Bxe4 37. Rxd4 Rxd4 38. Bxe4 Rxe4 39. Qc2 Rd4 40. Qxa4 Red8
41. a3 bxa3 42. Qxa3 Rd1+ 43. Rxd1 Rxd1+ 44. Kc2 Rd5 45. Qa8+ Bf8 46. Kc3 g5
1/2-1/2

[Event "Landesklasse West 2015/2016"]
[Site "?"]
[Date "2015.11.08"]
[Round "3"]
[White "Petiko, Nikolai"]
[Black "Neef, Michael"]
[Result "1/2-1/2"]
[WhiteElo "1961"]
[BlackElo "1866"]
[PlyCount "81"]
[EventDate "2015.??.??"]
[WhiteTeam "SV Breitenworbis"]
[BlackTeam "SV Wartburgstadt Eisenach"]

1. e4 e6 2. d3 d5 3. Qe2 c6 4. g3 dxe4 5. dxe4 e5 6. Nf3 Bg4 7. h3 Bxf3 8. Qxf3
Bc5 9. Bc4 Qe7 10. Nd2 Nd7 11. Nf1 Qf6 12. Qe2 Nb6 13. Bb3 Ne7 14. Ne3 h5 15.
Bd2 O-O-O 16. O-O-O Rd7 17. Bc3 Bd4 18. Bb4 Bxe3+ 19. Qxe3 Kb8 20. Rxd7 Nxd7
21. Rd1 Kc7 22. Bd6+ Kd8 23. Bxe7+ Qxe7 24. Qxa7 Kc7 25. a4 f6 26. a5 Qb4 27.
a6 Nc5 28. axb7 Nxb7 29. Be6 Rd8 30. Rxd8 Kxd8 31. c3 Qb5 32. Qe3 Ke7 33. Bg8
Qf1+ 34. Kc2 Qxh3 35. Qa7 Qd7 36. Bc4 g5 37. Ba6 Nd8 38. Qc5+ Qd6 39. Qa7+ Qd7
40. Qc5+ Qd6 41. Qa7+ 1/2-1/2

[Event "Landesklasse West 2015/2016"]
[Site "?"]
[Date "2015.11.08"]
[Round "3"]
[White "Königsdörfer, Gerhard"]
[Black "Gast, Rainer"]
[Result "0-1"]
[WhiteElo "1897"]
[BlackElo "1839"]
[PlyCount "60"]
[EventDate "2015.??.??"]
[WhiteTeam "SV Wartburgstadt Eisenach"]
[BlackTeam "SV Breitenworbis"]

1. e4 c5 2. Nf3 e6 3. d4 cxd4 4. Nxd4 Nf6 5. Nc3 d6 6. Be3 a6 7. Be2 Be7 8. Qd2
Qc7 9. g4 b5 10. f3 Bb7 11. a3 Nc6 12. Nb3 Rc8 13. Bd3 O-O 14. Qf2 Ne5 15. g5
Nfd7 16. Rg1 Nc5 17. Nxc5 dxc5 18. Be2 Nd7 19. Qg3 Bd6 20. Qg2 Bf4 21. Bf2 Qa5
22. Kf1 Bc6 23. Qg4 Be5 24. Be1 b4 25. Nd1 Bb5 26. f4 Bxe2+ 27. Kxe2 Qb5+ 28.
Kf3 Bd4 29. Rg2 bxa3 30. Rxa3 Qf1+ 0-1

[Event "Landesklasse West 2015/2016"]
[Site "?"]
[Date "2015.11.08"]
[Round "3"]
[White "Bötticher, Heinz-Wilfried"]
[Black "Graupner, Markus"]
[Result "1/2-1/2"]
[WhiteElo "1819"]
[BlackElo "1700"]
[PlyCount "23"]
[EventDate "2015.??.??"]
[WhiteTeam "SV Breitenworbis"]
[BlackTeam "SV Wartburgstadt Eisenach"]

1. d4 d5 2. c4 e6 3. Nc3 Nf6 4. cxd5 exd5 5. Bg5 Be7 6. e3 c6 7. Bd3 O-O 8. Qc2
h6 9. Bf4 Bd6 10. Nge2 Re8 11. O-O Qe7 12. Rae1 1/2-1/2

[Event "Landesklasse West 2015/2016"]
[Site "?"]
[Date "2015.11.08"]
[Round "3"]
[White "Anschütz, Bernd"]
[Black "Hellrung, Bernhard"]
[Result "1/2-1/2"]
[WhiteElo "1728"]
[BlackElo "1839"]
[PlyCount "39"]
[EventDate "2015.??.??"]
[WhiteTeam "SV Wartburgstadt Eisenach"]
[BlackTeam "SV Breitenworbis"]

1. e4 d5 2. exd5 Qxd5 3. Nc3 Qd6 4. d4 Nf6 5. Bc4 c6 6. Nge2 Bg4 7. f3 Bf5 8.
Bf4 Qb4 9. Bb3 e6 10. Qd2 Nbd7 11. a3 Qa5 12. Ng3 Bg6 13. Nge4 Nxe4 14. Nxe4
Qxd2+ 15. Nxd2 Nf6 16. Nc4 O-O-O 17. O-O-O Nd5 18. Bg3 Be7 19. h4 f6 20. Rhe1
1/2-1/2

[Event "Landesklasse West 2015/2016"]
[Site "?"]
[Date "2015.11.08"]
[Round "3"]
[White "Petiko, Jakob"]
[Black "Ulbricht, Olaf"]
[Result "1-0"]
[WhiteElo "1920"]
[BlackElo "1571"]
[PlyCount "85"]
[EventDate "2015.??.??"]
[WhiteTeam "SV Breitenworbis"]
[BlackTeam "SV Wartburgstadt Eisenach"]

1. e4 e5 2. Nc3 Nc6 3. g3 g6 4. Bg2 Bg7 5. d3 d6 6. Be3 Be6 7. Qd2 Qd7 8. h3 h6
9. Nd5 Bxd5 10. exd5 Nce7 11. Qb4 b6 12. Ne2 Nf6 13. c4 a5 14. Qb3 O-O 15. O-O
Rfb8 16. f4 b5 17. Qc2 Nf5 18. Bf2 Nh7 19. fxe5 Bxe5 20. g4 Ne7 21. Bd4 Bxd4+
22. Nxd4 b4 23. Qf2 Rf8 24. Qf4 g5 25. Qf2 Ng6 26. Nf5 Nf4 27. Nxh6+ Kg7 28.
Nf5+ Kg6 29. Qe3 Rae8 30. Be4 f6 31. Nxd6+ Kg7 32. Nxe8+ Rxe8 33. Rae1 Qd6 34.
c5 Qe5 35. d4 Qe7 36. Qf3 Nf8 37. h4 N8g6 38. h5 Nh4 39. Qg3 Qd7 40. Rxf4 Rxe4
41. Rfxe4 Qxd5 42. Qxc7+ Kh6 43. Qd6 1-0

[Event "Landesklasse West 2015/2016"]
[Site "?"]
[Date "2015.11.08"]
[Round "3"]
[White "Becker, Walter"]
[Black "Vergin, Marcel"]
[Result "0-1"]
[WhiteElo "1475"]
[BlackElo "1811"]
[PlyCount "98"]
[EventDate "2015.??.??"]
[WhiteTeam "SV Wartburgstadt Eisenach"]
[BlackTeam "SV Breitenworbis"]

1. Nf3 Nf6 2. c4 d6 3. g3 e5 4. d3 Nc6 5. Bg2 h6 6. O-O Be6 7. b3 Qd7 8. e3 Bh3
9. Nc3 h5 10. e4 a6 11. Nd5 Nxd5 12. cxd5 Ne7 13. Re1 Ng6 14. d4 h4 15. dxe5
hxg3 16. fxg3 Bxg2 17. e6 fxe6 18. Kxg2 e5 19. Ng5 Be7 20. Ne6 Bf6 21. Qg4 Nf8
22. Be3 Nxe6 23. Qxe6+ Qxe6 24. dxe6 Ke7 25. Rac1 c6 26. Re2 Kxe6 27. Kh1 Raf8
28. Rf1 Be7 29. Rxf8 Rxf8 30. Kg2 d5 31. exd5+ cxd5 32. Bd4 Bf6 33. b4 e4 34.
Bb6 Bg5 35. Bd4 Rf7 36. h3 Bf6 37. Bb6 Ke5 38. Rd2 Rd7 39. Bd4+ Ke6 40. Be3 Bc3
41. Rd1 Bxb4 42. Kf1 Bc3 43. Ke2 d4 44. Bf4 d3+ 45. Ke3 Kd5 46. h4 Bd4+ 47. Kd2
Be5 48. Ke3 Rc7 49. Rd2 Bd4# 0-1

[Event "Landesklasse West 2015/2016"]
[Site "?"]
[Date "2015.11.08"]
[Round "3"]
[White "Leibeling, Lucian"]
[Black "Mekus, Stephanie"]
[Result "1/2-1/2"]
[WhiteElo "1830"]
[BlackElo "1541"]
[PlyCount "56"]
[EventDate "2015.??.??"]
[WhiteTeam "SV Breitenworbis"]
[BlackTeam "SV Wartburgstadt Eisenach"]

1. c4 e6 2. d3 b6 3. Nd2 Bb7 4. Ngf3 g6 5. g3 Bg7 6. Bg2 Nf6 7. O-O O-O 8. Rb1
d5 9. e3 c5 10. a3 Qd7 11. b4 Rd8 12. Bb2 Ne8 13. Bxg7 Nxg7 14. Qc2 f6 15. bxc5
bxc5 16. Qb2 Ba6 17. Qxf6 Nc6 18. Rfc1 Rf8 19. Qc3 d4 20. exd4 cxd4 21. Qc2
Rae8 22. Ne4 Bc8 23. Rb5 Qe7 24. Qb2 Nf5 25. Re1 Nd6 26. Nxd4 Nxd4 27. Qxd4
Nxb5 28. cxb5 Rd8 1/2-1/2

[Event "Landesklasse West 2015/2016"]
[Site "?"]
[Date "2015.11.08"]
[Round "3"]
[White "Essegern, Uwe"]
[Black "Bamberg, Alexander"]
[Result "1-0"]
[WhiteElo "1850"]
[BlackElo "1865"]
[PlyCount "49"]
[EventDate "2015.??.??"]
[WhiteTeam "Randspringer Bad Salzungen"]
[BlackTeam "SV Schmalkalden 04"]

1. e4 c5 2. Nf3 d6 3. d4 cxd4 4. Nxd4 Nf6 5. Nc3 g6 6. Be3 Bg7 7. f3 Nc6 8. Qd2
O-O 9. g4 Bd7 10. O-O-O a6 11. h4 h5 12. Nd5 hxg4 13. Nxc6 Bxc6 14. Nxf6+ Bxf6
15. h5 e6 16. hxg6 fxg6 17. Qg2 Bg5 18. f4 Bf6 19. Qxg4 Qe8 20. Bd3 Bb5 21. e5
Bxd3 22. Rxd3 dxe5 23. Bc5 Rf7 24. Qxg6+ Bg7 25. Qh7# 1-0

[Event "Landesklasse West 2015/2016"]
[Site "?"]
[Date "2015.11.08"]
[Round "3"]
[White "Krannich, Steffen"]
[Black "Schulz, Tilo"]
[Result "1/2-1/2"]
[WhiteElo "1814"]
[BlackElo "1870"]
[PlyCount "20"]
[EventDate "2015.??.??"]
[WhiteTeam "SV Schmalkalden 04"]
[BlackTeam "Randspringer Bad Salzungen"]

1. d4 Nf6 2. Nf3 g6 3. c4 Bg7 4. g3 O-O 5. Bg2 d6 6. O-O Nbd7 7. Nc3 c6 8. b3
Re8 9. e4 e5 10. d5 Nc5 1/2-1/2

[Event "Landesklasse West 2015/2016"]
[Site "?"]
[Date "2015.11.08"]
[Round "3"]
[White "Feldmann, Bernd"]
[Black "Burkhardt, Christian"]
[Result "1/2-1/2"]
[WhiteElo "1869"]
[BlackElo "1671"]
[PlyCount "56"]
[EventDate "2015.??.??"]
[WhiteTeam "Randspringer Bad Salzungen"]
[BlackTeam "SV Schmalkalden 04"]

1. d4 d5 2. Nf3 Nf6 3. c4 e6 4. Bg5 Be7 5. Nc3 Nbd7 6. e3 c6 7. Bd3 dxc4 8.
Bxc4 Nd5 9. Bxe7 Qxe7 10. Qb3 Nxc3 11. bxc3 O-O 12. Bd3 e5 13. Qc2 h6 14. O-O
exd4 15. exd4 Nb6 16. Rfe1 Qf6 17. Ne5 Be6 18. Re3 Nd7 19. Rf3 Qd8 20. Re1 Nxe5
21. Rxe5 Bd5 22. Rfe3 Qd6 23. Qe2 f6 24. Re7 Rf7 25. Qe1 Rxe7 26. Rxe7 Bf7 27.
g3 Rb8 28. Qe2 Kf8 1/2-1/2

[Event "Landesklasse West 2015/2016"]
[Site "?"]
[Date "2015.11.08"]
[Round "3"]
[White "Wissel, Daniel"]
[Black "Roth, Ralf"]
[Result "1/2-1/2"]
[WhiteElo "1801"]
[BlackElo "1772"]
[PlyCount "37"]
[EventDate "2015.??.??"]
[WhiteTeam "SV Schmalkalden 04"]
[BlackTeam "Randspringer Bad Salzungen"]

1. e4 g6 2. d4 Bg7 3. Nf3 d6 4. Bc4 Nf6 5. Nc3 O-O 6. O-O c6 7. Re1 Bg4 8. h3
Bxf3 9. Qxf3 e5 10. dxe5 dxe5 11. Bg5 Nbd7 12. Rad1 Qe7 13. Rd2 Rfd8 14. Red1
Nf8 15. Qe3 b6 16. a3 Rd7 17. Rxd7 N8xd7 18. Qd2 Rc8 19. Qd6 1/2-1/2

[Event "Landesklasse West 2015/2016"]
[Site "?"]
[Date "2015.11.08"]
[Round "3"]
[White "Busch, Alexander"]
[Black "Himmel, Matthias"]
[Result "1/2-1/2"]
[WhiteElo "1786"]
[BlackElo "1564"]
[PlyCount "58"]
[EventDate "2015.??.??"]
[WhiteTeam "Randspringer Bad Salzungen"]
[BlackTeam "SV Schmalkalden 04"]

1. d4 Nf6 2. Nf3 g6 3. Nbd2 d6 4. g3 Bg7 5. Bg2 Nbd7 6. O-O O-O 7. Nc4 c6 8. c3
Qc7 9. Re1 b5 10. Ncd2 Rb8 11. e4 e5 12. Nb3 h6 13. Qc2 a5 14. dxe5 dxe5 15. h3
a4 16. Nbd2 Nc5 17. b4 axb3 18. axb3 Be6 19. Ba3 Nfd7 20. Bb4 Ra8 21. c4 Rxa1
22. Rxa1 Rb8 23. Ba5 Qc8 24. cxb5 cxb5 25. Rc1 b4 26. Nc4 Qa6 27. Nfd2 Bf6 28.
Bf1 Qa7 29. Ra1 Qb7 1/2-1/2

[Event "Landesklasse West 2015/2016"]
[Site "?"]
[Date "2015.11.08"]
[Round "3"]
[White "Röder, Detlef"]
[Black "Kunze, Heinz"]
[Result "1-0"]
[WhiteElo "1622"]
[BlackElo "1661"]
[PlyCount "65"]
[EventDate "2015.??.??"]
[WhiteTeam "SV Schmalkalden 04"]
[BlackTeam "Randspringer Bad Salzungen"]

1. e4 c5 2. c3 Nc6 3. d4 cxd4 4. cxd4 d6 5. Bc4 e6 6. Nc3 Nf6 7. d5 Na5 8. Bb5+
Bd7 9. Bxd7+ Qxd7 10. Nf3 e5 11. O-O Rc8 12. Qd3 Be7 13. Be3 b6 14. Rfc1 O-O
15. Rc2 Ng4 16. Rac1 Nxe3 17. Qxe3 f5 18. b3 fxe4 19. Nxe4 Rxc2 20. Rxc2 Rc8
21. Qc1 Rxc2 22. Qxc2 b5 23. Qc3 Bd8 24. h3 h6 25. Nfd2 Bb6 26. b4 Nc4 27. Nxc4
Bd4 28. Qg3 Qc7 29. Qg6 Kh8 30. Qe8+ Kh7 31. Qxb5 Qf7 32. Ncxd6 Qf4 33. Qd3 1-0

[Event "Landesklasse West 2015/2016"]
[Site "?"]
[Date "2015.11.08"]
[Round "3"]
[White "Geißhirt, Marco"]
[Black "Rätsch, Heinz"]
[Result "1/2-1/2"]
[WhiteElo "1967"]
[BlackElo "2030"]
[PlyCount "32"]
[EventDate "2015.??.??"]
[WhiteTeam "SG Barchfeld/Breitungen"]
[BlackTeam "Schachclub 1998 Gotha"]

1. a3 Nf6 2. Nf3 d6 3. d4 g6 4. e3 Bg7 5. Be2 O-O 6. O-O Nbd7 7. c4 a5 8. Nc3
e5 9. dxe5 dxe5 10. e4 c6 11. h3 Qe7 12. Be3 Nc5 13. Qc2 Nh5 14. b4 Ne6 15. c5
Nd4 16. Qb2 f5 1/2-1/2

[Event "Landesklasse West 2015/2016"]
[Site "?"]
[Date "2015.11.08"]
[Round "3"]
[White "Rockstuhl, Reiner"]
[Black "Rommel, Uwe"]
[Result "0-1"]
[WhiteElo "1805"]
[BlackElo "1869"]
[PlyCount "42"]
[EventDate "2015.??.??"]
[WhiteTeam "Schachclub 1998 Gotha"]
[BlackTeam "SG Barchfeld/Breitungen"]

1. e4 g6 2. d4 c6 3. Nf3 d5 4. exd5 cxd5 5. Be2 Bg7 6. O-O Nh6 7. c3 O-O 8. Bf4
f6 9. Re1 Nf7 10. Bf1 Nc6 11. h3 e5 12. dxe5 fxe5 13. Be3 d4 14. cxd4 exd4 15.
Bc1 Bf5 16. Bd3 Qd7 17. Bxf5 Qxf5 18. Bd2 Nfe5 19. Qb3+ Kh8 20. Na3 Nxf3+ 21.
gxf3 Qxh3 0-1

[Event "Landesklasse West 2015/2016"]
[Site "?"]
[Date "2015.11.08"]
[Round "3"]
[White "Reum, Lutz"]
[Black "Lutzkat, Ulrich"]
[Result "0-1"]
[WhiteElo "1796"]
[BlackElo "1930"]
[PlyCount "88"]
[EventDate "2015.??.??"]
[WhiteTeam "SG Barchfeld/Breitungen"]
[BlackTeam "Schachclub 1998 Gotha"]

1. d4 Nf6 2. Nf3 g6 3. c3 Bg7 4. Qc2 O-O 5. e4 d6 6. Bc4 b6 7. O-O Bb7 8. Re1
Nxe4 9. Rxe4 d5 10. Re1 dxc4 11. Qe2 e6 12. Bg5 Qd5 13. Nbd2 b5 14. a4 a6 15.
Ne4 Nd7 16. h3 Rae8 17. axb5 axb5 18. Rad1 f5 19. Ng3 f4 20. Ne4 h6 21. Bh4
Qxe4 22. Qxe4 Bxe4 23. Rxe4 g5 24. Bxg5 hxg5 25. Nxg5 e5 26. Rde1 Rf5 27. h4
Bf6 28. Nf3 Re7 29. Kh2 Kf8 30. Kh3 Rh7 31. Kg4 Rfh5 32. g3 fxg3 33. fxg3 Be7
34. Nxe5 Nf6+ 35. Kf4 Nxe4 36. Rxe4 Bd6 37. g4 Bxe5+ 38. dxe5 Rxh4 39. Kf5 Ke7
40. Rd4 R4h6 41. g5 Rf7+ 42. Kg4 Re6 43. Re4 Kd7 44. Rd4+ Kc6 0-1

[Event "Landesklasse West 2015/2016"]
[Site "?"]
[Date "2015.11.08"]
[Round "3"]
[White "Manger, Hans-Gerald"]
[Black "Crivellaro, Heiko"]
[Result "1-0"]
[WhiteElo "1806"]
[BlackElo "1798"]
[PlyCount "55"]
[EventDate "2015.??.??"]
[WhiteTeam "Schachclub 1998 Gotha"]
[BlackTeam "SG Barchfeld/Breitungen"]

1. d4 f5 2. g3 Nf6 3. Bg2 e6 4. Nf3 Be7 5. O-O O-O 6. c4 c6 7. e3 d5 8. Nbd2
Bd6 9. b3 Nbd7 10. Bb2 b5 11. Ne5 Bxe5 12. dxe5 Ng4 13. Nf3 Bb7 14. h3 Nh6 15.
cxb5 cxb5 16. Nd4 Qb6 17. f4 Rac8 18. Qe2 Ba6 19. Rfc1 b4 20. Qd2 Bb7 21. a4
Rxc1+ 22. Rxc1 a6 23. a5 Qxa5 24. Nxe6 Rf7 25. Nc7 Nb6 26. Qd4 Re7 27. Ra1 Na4
28. Nxd5 1-0

[Event "Landesklasse West 2015/2016"]
[Site "?"]
[Date "2015.11.08"]
[Round "3"]
[White "Schmidt, Kevin"]
[Black "Bauer, Wilfried"]
[Result "1-0"]
[WhiteElo "1620"]
[BlackElo "1596"]
[PlyCount "111"]
[EventDate "2015.??.??"]
[WhiteTeam "SG Barchfeld/Breitungen"]
[BlackTeam "Schachclub 1998 Gotha"]

1. d4 f5 2. c4 d6 3. Nc3 Nd7 4. f3 e5 5. e4 f4 6. d5 Qh4+ 7. Kd2 Nb6 8. Qe1 Qe7
9. a4 Nh6 10. a5 Nd7 11. b4 Nf6 12. Ba3 c6 13. c5 cxd5 14. exd5 Qc7 15. Bb5+
Bd7 16. Rc1 dxc5 17. Bxd7+ Nxd7 18. Nb5 Qd8 19. d6 Kf7 20. Qe4 a6 21. Qd5+ Kg6
22. Nc7 Nf6 23. Qd3+ Nf5 24. Nxa8 Bxd6 25. Nb6 Qe8 26. Re1 cxb4 27. Bb2 b3 28.
Nh3 Bb4+ 29. Bc3 Bxc3+ 30. Kxc3 e4 31. Nxf4+ Kh6 32. fxe4 Qe5+ 33. Kxb3 Nd4+
34. Ka2 Qxa5+ 35. Qa3 Qd2+ 36. Qb2 Qa5+ 37. Kb1 Nb5 38. Nfd5 Nxd5 39. exd5 Na3+
40. Kc1 Qc5+ 41. Kd1 Rf8 42. Re6+ g6 43. Nd7 Qxd5+ 44. Qd2+ Qxd2+ 45. Kxd2 Rd8
46. Re7 b5 47. Kc3 a5 48. Nf6 g5 49. Ng4+ Kg6 50. Ra7 b4+ 51. Kb3 Rd3+ 52. Ka4
Nc4 53. Ra6+ Kg7 54. Rc1 Rd4 55. Ne3 Ne5 56. Nf5+ 1-0

[Event "Landesklasse West 2015/2016"]
[Site "?"]
[Date "2015.11.08"]
[Round "3"]
[White "Schlick, Stefan"]
[Black "Reum, Jonathan"]
[Result "1-0"]
[WhiteElo "1685"]
[BlackElo "1626"]
[PlyCount "75"]
[EventDate "2015.??.??"]
[WhiteTeam "Schachclub 1998 Gotha"]
[BlackTeam "SG Barchfeld/Breitungen"]

1. d4 Nf6 2. c4 g6 3. Nc3 d5 4. f3 Bg7 5. e4 dxe4 6. fxe4 O-O 7. Nf3 c5 8. d5
Bg4 9. Be2 Bxf3 10. Bxf3 Ne8 11. O-O Nd6 12. Qe2 Nd7 13. Bf4 Ne5 14. Bxe5 Bxe5
15. Qd3 a6 16. a4 Kg7 17. Be2 Qd7 18. Kh1 Rad8 19. b3 Qc7 20. Bg4 Nxe4 21. Nxe4
Bxa1 22. Rxa1 f5 23. Ng5 Rf6 24. Qc3 Kg8 25. Bf3 Qd6 26. Ne6 Rd7 27. Re1 b6 28.
Qe3 f4 29. Qc3 a5 30. Re4 Qb8 31. Qe1 Rd6 32. Qh4 Rf7 33. h3 Qe8 34. Bg4 Kh8
35. Ng5 Rg7 36. Be6 Qf8 37. Rxf4 Qe8 38. Qh6 1-0

[Event "Landesklasse West 2015/2016"]
[Site "?"]
[Date "2015.11.08"]
[Round "3"]
[White "Abe, Rico"]
[Black "Reucker, Friedrich"]
[Result "1/2-1/2"]
[WhiteElo "1651"]
[BlackElo "1592"]
[PlyCount "90"]
[EventDate "2015.??.??"]
[WhiteTeam "SG Barchfeld/Breitungen"]
[BlackTeam "Schachclub 1998 Gotha"]

1. e4 e6 2. d4 d5 3. Nc3 dxe4 4. Nxe4 Nd7 5. Nf3 Ngf6 6. Ng3 c5 7. c3 Qc7 8.
Bd3 b6 9. O-O Bb7 10. Re1 O-O-O 11. Qe2 Bd6 12. Bd2 Nd5 13. b4 Nf4 14. Bxf4
Bxf4 15. Be4 c4 16. Bxb7+ Kxb7 17. a4 a6 18. b5 a5 19. Qe4+ Ka7 20. Ne2 g5 21.
g3 Nf6 22. Qc2 Qb7 23. Nxf4 Qxf3 24. Re3 Qb7 25. Ng2 Nd5 26. Re5 Rhg8 27. Rae1
Rg7 28. Ne3 Nf4 29. gxf4 gxf4+ 30. Kf1 fxe3 31. Qe4 Qxe4 32. Rxe4 exf2 33. Kxf2
Rdg8 34. Rf4 Kb7 35. Kf3 Kc7 36. d5 exd5 37. Re7+ Kb8 38. Rfxf7 Rxf7+ 39. Rxf7
Rg1 40. Rxh7 Rc1 41. Rh8+ Kc7 42. Rh7+ Kd6 43. Rh6+ Ke7 44. Rh7+ Kd6 45. Rh6+
Kc7 1/2-1/2

[Event "Landesklasse West 2015/2016"]
[Site "?"]
[Date "2015.11.08"]
[Round "3"]
[White "Schmidt, Helge"]
[Black "Heß, Wolfgang"]
[Result "1/2-1/2"]
[WhiteElo "1838"]
[BlackElo "1717"]
[PlyCount "122"]
[EventDate "2015.??.??"]
[WhiteTeam "Schachclub 1998 Gotha"]
[BlackTeam "SG Barchfeld/Breitungen"]

1. f4 d5 2. Nf3 Nf6 3. d3 c5 4. g3 b6 5. Bg2 Bb7 6. O-O Qc7 7. Ng5 e6 8. Nc3 a6
9. e4 dxe4 10. Ngxe4 Nbd7 11. a4 Be7 12. Qe2 Nxe4 13. Nxe4 g6 14. b3 O-O 15.
Bb2 Rae8 16. Rae1 Bxe4 17. dxe4 Bf6 18. e5 Be7 19. Qxa6 Nb8 20. Qb5 Rc8 21. Rd1
Rfd8 22. Bc3 Rxd1 23. Rxd1 Rd8 24. Rxd8+ Qxd8 25. Bf3 h5 26. h4 Nd7 27. Qd3 Qc7
28. Be1 Kg7 29. Bf2 Bd8 30. Qa6 Kf8 31. Qb7 Ke7 32. Kf1 Qxb7 33. Bxb7 f6 34.
exf6+ Kxf6 35. Bc6 Nf8 36. a5 bxa5 37. Bxc5 Nh7 38. Be4 Bc7 39. Bd4+ Kf7 40.
Ke2 Nf6 41. Bc6 Ng4 42. Bc3 e5 43. Bd5+ Ke7 44. Bd2 exf4 45. Bxf4 Bb6 46. Bg5+
Kf8 47. c4 Ne5 48. Bf4 Nd7 49. Bd6+ Kg7 50. Kd2 Kf6 51. Kc3 g5 52. b4 axb4+ 53.
Kxb4 Bf2 54. hxg5+ Kxg5 55. Bf4+ Kg6 56. Be4+ Kf6 57. Kb5 Nc5 58. Bf3 Kg6 59.
Bd6 Ne6 60. Be4+ Kf6 61. Bd5 Nd4+ 1/2-1/2

[Event "Landesklasse West 2015/2016"]
[Site "?"]
[Date "2015.11.29"]
[Round "4"]
[White "Petiko, Nikolai"]
[Black "Hocke, Sebastian"]
[Result "1-0"]
[WhiteElo "1961"]
[BlackElo "2043"]
[PlyCount "63"]
[EventDate "2015.??.??"]
[WhiteTeam "SV Breitenworbis"]
[BlackTeam "ESV Lok Meiningen"]

1. e4 c5 2. Nf3 d6 3. d4 cxd4 4. Nxd4 Nf6 5. Nc3 a6 6. Be2 e5 7. Nb3 Be7 8. O-O
Be6 9. Be3 Nbd7 10. a4 Rc8 11. a5 Rxc3 12. bxc3 Nxe4 13. c4 Nc3 14. Qd2 Nxe2+
15. Qxe2 O-O 16. Ra4 f5 17. f4 g5 18. fxg5 f4 19. Bxf4 Bxg5 20. Bxg5 Rxf1+ 21.
Qxf1 Qxg5 22. Qd3 Bf5 23. Qd2 Qh4 24. g3 Qg4 25. Ra1 Nf6 26. Qxd6 Qe2 27. Qd2
Qg4 28. Rf1 Ne4 29. Qd5+ Be6 30. Qxe5 Ng5 31. Qe3 Bxc4 32. Qe8+ 1-0

[Event "Landesklasse West 2015/2016"]
[Site "?"]
[Date "2015.11.29"]
[Round "4"]
[White "Jörges, Frank"]
[Black "Gast, Rainer"]
[Result "1/2-1/2"]
[WhiteElo "1843"]
[BlackElo "1839"]
[PlyCount "24"]
[EventDate "2015.??.??"]
[WhiteTeam "ESV Lok Meiningen"]
[BlackTeam "SV Breitenworbis"]

1. d4 Nf6 2. Nf3 e6 3. Bg5 Be7 4. e3 b6 5. Bd3 Bb7 6. Nbd2 d5 7. Qe2 O-O 8. c3
Nbd7 9. e4 Nxe4 10. Bxe7 Qxe7 11. Nxe4 dxe4 12. Bxe4 Bxe4 1/2-1/2

[Event "Landesklasse West 2015/2016"]
[Site "?"]
[Date "2015.11.29"]
[Round "4"]
[White "Grube, Jan"]
[Black "Hellrung, Bernhard"]
[Result "1/2-1/2"]
[WhiteElo "1807"]
[BlackElo "1839"]
[PlyCount "74"]
[EventDate "2015.??.??"]
[WhiteTeam "ESV Lok Meiningen"]
[BlackTeam "SV Breitenworbis"]

1. c4 Nf6 2. Nc3 g6 3. d4 Bg7 4. e4 d6 5. Nf3 O-O 6. Be2 c6 7. O-O Bg4 8. h3
Bxf3 9. Bxf3 Nbd7 10. Be3 a5 11. Rb1 e5 12. Qd2 Re8 13. Rfd1 Qc7 14. dxe5 dxe5
15. Na4 Red8 16. Qc2 c5 17. Rd2 b6 18. Rbd1 Nf8 19. Qb3 Rxd2 20. Rxd2 Rb8 21.
Nc3 Ne6 22. Nd5 Nxd5 23. Rxd5 Nd4 24. Bxd4 exd4 25. Qb5 Rd8 26. Be2 Bf8 27. Bg4
Rxd5 28. exd5 h5 29. Be2 Qe5 30. Kf1 Qh2 31. Bf3 d3 32. g3 Qxh3+ 33. Kg1 Qf5
34. Kg2 Qf6 35. Qb3 d2 36. Qc2 Qd4 37. b3 Bh6 1/2-1/2

[Event "Landesklasse West 2015/2016"]
[Site "?"]
[Date "2015.11.29"]
[Round "4"]
[White "Petiko, Jakob"]
[Black "Holland-Cunz, Dietrich"]
[Result "1-0"]
[WhiteElo "1920"]
[BlackElo "1788"]
[PlyCount "33"]
[EventDate "2015.??.??"]
[WhiteTeam "SV Breitenworbis"]
[BlackTeam "ESV Lok Meiningen"]

1. c4 Nf6 2. Nc3 c6 3. e4 d5 4. cxd5 cxd5 5. e5 d4 6. Qa4+ Nc6 7. exf6 dxc3 8.
fxg7 cxd2+ 9. Bxd2 Bxg7 10. Bc3 Bxc3+ 11. bxc3 Qd5 12. Nf3 Rg8 13. Rd1 Qe6+ 14.
Be2 Rxg2 15. Nd4 Qe4 16. Nxc6 Qxc6 17. Bb5 1-0

[Event "Landesklasse West 2015/2016"]
[Site "?"]
[Date "2015.11.29"]
[Round "4"]
[White "Latka, Vera"]
[Black "Vergin, Marcel"]
[Result "1/2-1/2"]
[WhiteElo "1754"]
[BlackElo "1811"]
[PlyCount "57"]
[EventDate "2015.??.??"]
[WhiteTeam "ESV Lok Meiningen"]
[BlackTeam "SV Breitenworbis"]

1. e4 c5 2. Nf3 a6 3. c3 d5 4. exd5 Qxd5 5. Be2 Bf5 6. O-O Bxb1 7. Rxb1 Qxa2 8.
Qc2 Nf6 9. d4 e6 10. Bg5 Nbd7 11. Rfd1 Qa5 12. dxc5 Qxc5 13. Rd2 Be7 14. Bxf6
Nxf6 15. Rbd1 O-O 16. Nd4 Rfd8 17. Bf3 Rd7 18. Qb3 Qc7 19. Nxe6 Qe5 20. Rxd7
Nxd7 21. Qxb7 Rb8 22. Qxd7 Qxe6 23. Qxe6 fxe6 24. Rd2 Bf6 25. Be2 a5 26. Bc4
Kf7 27. g3 Ke7 28. Kf1 Rb6 29. Ke2 1/2-1/2

[Event "Landesklasse West 2015/2016"]
[Site "?"]
[Date "2015.11.29"]
[Round "4"]
[White "Leibeling, Lucian"]
[Black "Rosenberg, Erik"]
[Result "1/2-1/2"]
[WhiteElo "1830"]
[BlackElo "1647"]
[PlyCount "51"]
[EventDate "2015.??.??"]
[WhiteTeam "SV Breitenworbis"]
[BlackTeam "ESV Lok Meiningen"]

1. c4 Nf6 2. d3 e6 3. Nd2 d5 4. Ngf3 c6 5. e3 Bd6 6. Be2 O-O 7. O-O Nbd7 8. b3
Qc7 9. h3 e5 10. e4 d4 11. Nh4 Re8 12. Ndf3 h6 13. Nf5 Nf8 14. g4 Bxf5 15. gxf5
Qe7 16. Nh2 N8h7 17. Kh1 Ba3 18. Rg1 Bxc1 19. Qxc1 Kh8 20. Rg3 b5 21. f4 exf4
22. Qxf4 bxc4 23. bxc4 Rab8 24. Rag1 Rb2 25. Bd1 Rb1 26. Qf2 1/2-1/2